| 000 | 01254nam0a2200325 4500 | ||
|---|---|---|---|
| 001 | RU\NLR\ONL2\12602 | ||
| 005 | 20250613131049.0 | ||
| 010 |
_a978-5-298-01685-8 _93000 |
||
| 035 | _a(NLR Aleph) 009660188 | ||
| 090 |
_a9609832 _c9609832 |
||
| 100 | _a20090202d2008 |||y0rusy50 ca | ||
| 101 | 0 | _atat | |
| 102 | _aRU | ||
| 105 | _aa ||||||||| | ||
| 200 | 1 |
_aТиен белэн Аю _eэкиятлэр _fАйсылу Имамиева _g[рэс. И. Эжемов] |
|
| 210 |
_aКазан _cТатар. кит. нэшр. _d2008 |
||
| 215 |
_a45,[2] б. _cил. _d20 |
||
| 300 | _aВ вып. дан. авт.: Имамиева Айсылу (Шаехова Айсылу Зуфаровна). | ||
| 541 | 1 |
_6z01790 _aБелка и Медведь _e[сказки]. _zrus |
|
| 686 | 1 | _aШ9(2)6=Татар-2 | |
| 700 | 1 |
_4070 _7ca _8rus _aИмамиева _bА. _f1985- _gАйсылу _9269742 _3RU\NLR\AUTH\770269798 |
|
| 702 | 1 |
_aЭжемов _bИ. _gИлдус _4440 |
|
| 790 | 1 |
_4070 _7ca _8rus _aИмамиева _bА. _f1985- _gАйсылу _9269742 _3RU\NLR\AUTH\770269798 |
|
| 801 | 0 |
_aRU _bNLR _c20090202 _gPSBO |
|
| 852 |
_aNLR _bОНЛ _jТатар./2-12218 |
||
| 942 | _cBOOK | ||
| 980 | _aNB | ||
| 980 | _aONL_RF | ||